000 00242nam a2200109Ia 4500
008 190216s9999||||xx |||||||||||||| ||und||
100 _aPranab Bardhan
245 0 _aHaijacking
260 _bC I C C Book House
650 _aNovel
942 _cBK
999 _c26510
_d26510